Famous Musical Trios - Statistics

General Stats
  • This quiz has been taken 604 times
  • The average score is 9 of 12
Answer Stats
Members Musical Act % Correct
Kurt Cobain, Dave Grohl, Krist Novoselic Nirvana
95%
Barry Gibb, Maurice Gibb, Robin Gibb Bee Gees
86%
Stewart Copeland, Sting, Andy Summers The Police
86%
Beyonce, Kelly Rowland, Michelle Williams Destiny's Child
82%
Tony Banks, Phil Collins, Mike Rutherford Genesis
82%
Ginger Baker, Jack Bruce, Eric Clapton Cream
79%
Florence Ballard, Diana Ross, Mary Wilson The Supremes
75%
Billie Joe Armstrong, Tre Cool, Mike Dirnt Green Day
72%
Jose Carreras, Placido Domingo, Luciano Pavarotti The Three Tenors
69%
Frank Beard, Billy Gibbons, Dusty Hill ZZ Top
59%
Ad - Rock, MCA, Mike D Beastie Boys
57%
Geddy Lee, Alex Lifeson, Neil Peart Rush
56%
No matching quizzes found
Score Distribution
Percent of People with Each Score
Percentile by Number Answered
Your Score History
You have not taken this quiz